If the Internet Were Run by Sporcle Quiz Stats

 Plays Quiz Updated Jun 14, 2013

Challenge
Share
Tweet
Embed
Score 0/20 Timer 04:00
0 Plays Today
Description Website % Correct
Can you name the things your friends have done, read, liked or recommended?Facebook.com
96.7%
Can you name the things I just found in my basement and now hope that someone will buy?Ebay.com
95.6%
Can you name the observations by Justin Bieber that are 140 characters or less?Twitter.com
95.3%
Can you name the things on my Kindle?Amazon.com
87.7%
Can you name the Scandanavian furniture that will drive you insane when you try to put it together?IKEA.com
86.7%
Can you name the current temperature and 10 day forecast for Topeka, KS?Weather.com
82.6%
Can you name the stories Anderson Cooper will be reporting on tonight?CNN.com
81.6%
Can you name the top user-edited articles about everything (without plagiarizing them)?Wikipedia.org
81.6%
Can you name the people I can see on my computer while talking to them?Skype.com
81.1%
Can you name the open source web browser that's really much better than Internet Explorer?Mozilla.org
80.2%
Description Website % Correct
Can you name the movies that are most associated with Keanu Reeves?IMDB.com
78.4%
Can you name the movies you've streamed through your Wii?Netflix.com
77.5%
Can you name the things I like based on the pictures I've tacked up here?Pinterest.com
64.8%
Can you name the fast food restaurants, gas stations and malls within 10 minutes of you?Yelp.com
63.8%
Can you name the things Brown can do for you?UPS.com
62.3%
Can you name the things Chris Berman is shouting about?ESPN.com
48.6%
Can you name the handmade arts & crafts things I'm selling online?Etsy.com
46.2%
Can you name the things that make Sean Hannity outraged?FoxNews.com
44.9%
Can you name the files you'd like to use elsewhere?Dropbox.com
41%
Can you name the things you'll save money on only if lots of other people are as cheap as you are?Groupon.com
33.2%

You're not logged in!

Compare scores with friends on all Sporcle quizzes.
Join for Free
OR
Log In

You Might Also Like...

Show Comments

Extras

Top Quizzes Today


Score Distribution

Your Account Isn't Verified!

In order to create a playlist on Sporcle, you need to verify the email address you used during registration. Go to your Sporcle Settings to finish the process.

Report this User

Report this user for behavior that violates our Community Guidelines.

Details: